| 000 | 00795nam a2200241 a 4500 | ||
|---|---|---|---|
| 003 | PILC | ||
| 005 | 20150112093432.0 | ||
| 008 | 110623s19uu xx 00 eng d | ||
| 010 | _a2005052648 | ||
| 020 | _a9780273682004 | ||
| 050 |
_aGV 14.5 _b.V394 2006 |
||
| 082 |
_aHSF 790.072 _bV38 2006 |
||
| 100 |
_aVeal, Anthony James _912990 |
||
| 245 |
_aResearch methods for leisure and tourism : _ba practical guide / _cA.J. Veal. |
||
| 250 | _a3rd ed. | ||
| 260 |
_aNew York : _bFinancial Times, Prentice Hall, _c2006. |
||
| 300 |
_a421 pages : _billustration ; _billustration ; _c26 cm. |
||
| 500 | _aIncludes bibliographical references and indexes. | ||
| 650 |
_aLeisure _xResearch _912991 |
||
| 650 |
_aTourism _xResearch _912992 |
||
| 650 |
_aResearch _xMethodology _912993 |
||
| 942 |
_2lcc _cBK |
||
| 999 |
_c14438 _d14438 |
||